حر ف آشنا (Record no. 166217)

MARC details
000 -LEADER
fixed length control field 00730nam a22002297a 4500
005 - DATE AND TIME OF LATEST TRANSACTION
control field 20190716174414.0
010 ## - LCCN (DPL NO)
LC control number B-83137
020 ## - INTERNATIONAL STANDARD BOOK NUMBER
International Standard Book Number -
Terms of availability 70.00
035 ## - SYSTEM CONTROL NUMBER
System control number B-83137
037 ## - SOURCE OF ACQUISITION
Source of stock number/acquisition BPPD/Ven.
Stock number dpl
082 ## - DEWEY DECIMAL CLASSIFICATION NUMBER
Classification number 841
100 ## - MAIN ENTRY--PERSONAL NAME
Personal name تا ج ا لد ين تا ج
245 ## - TITLE STATEMENT
Title حر ف آشنا
Statement of responsibility, etc تا ج ا لد ين تا ج
246 ## - VARYING FORM OF TITLE
Title proper/short title Harf Aashna (Urdu)
Remainder of title by Taaj Uddin Taaj
260 ## - PUBLICATION, DISTRIBUTION, ETC. (IMPRINT)
Place of publication, distribution, etc Delhi 110006
Name of publisher, distributor, etc Madhya Pardesh Urdu Acedemy Bhopal
Date of publication, distribution, etc 2003
270 ## - ADDRESS
Address H.S. Offset Printers Sui Walan,
300 ## - PHYSICAL DESCRIPTION
Extent 192ص
Dimensions 22cm(Hb)
490 ## - SERIES STATEMENT
Series statement Jaico illustrated classics series
942 ## - ADDED ENTRY ELEMENTS (KOHA)
Source of classification or shelving scheme Dewey Decimal Classification
Item type Urdu Bks
Call number suffix ت ا ج
Classification part 841
Holdings
Withdrawn status Lost status Not for loan Collection code Home library Current library Date acquired Source of acquisition Cost, normal purchase price Full call number Barcode Copy number Cost, replacement price Koha item type
    Ordered Non-fiction Central Library Central Library 16/07/2019 BPPD/Ven. 70.00 841 ت ا ج B-83137 1 70.00 Urdu Bks

© Delhi Public Library
Hit Counter
free hit counter